| 000 | 00495cam a2200205ua 4500 | ||
|---|---|---|---|
| 001 | 7185 | ||
| 005 | 20260515114151.0 | ||
| 008 | 141203n ii |||gr||||Z||||||eng | ||
| 020 | _a9789380261614 | ||
| 040 | _cMAIN | ||
| 041 | _aeng | ||
| 082 | _a954 | ||
| 100 |
_aSharma, D., _eAuthor. |
||
| 245 | 1 |
_aGlimpses of northeast India archaeology _c By Dhritiman Sharma |
|
| 250 | _a1st. | ||
| 260 |
_aGuwahati: _bEBH, _c2012. |
||
| 300 | _avii,157p. | ||
| 653 | _aNortheast history | ||
| 942 | _cBK | ||
| 999 |
_c6306 _d6306 |
||